Central Library OPAC University of Rajshahi

Practical statistics for non-mathematical people / (Record no. 51997)

MARC details
000 -LEADER
fixed length control field 00611nam a2200217 a 4500
001 - CONTROL NUMBER
control field 51997
003 - CONTROL NUMBER IDENTIFIER
rucl marc code BD-RjUL
005 - DATE AND TIME OF LATEST TRANSACTION
control field 20211209075735.0
008 - FIXED-LENGTH DATA ELEMENTS--GENERAL INFORMATION
fixed length control field 160905s1968 enka 000 0 eng d
035 ## - SYSTEM CONTROL NUMBER
System control number (BD-RjUL)52117
040 ## - CATALOGING SOURCE
Original cataloging agency ANL
Language of cataloging eng
Transcribing agency ANL
Modifying agency BD-RjUL
041 ## - LANGUAGE CODE
Language code of text/sound track or separate title eng
082 0# - DEWEY DECIMAL CLASSIFICATION NUMBER
Classification number 519.5
Edition number 23
Author mark and year LAP 1968
100 1# - MAIN ENTRY--PERSONAL NAME
Personal name Langley, Russell.
9 (RLIN) 155495
245 10 - TITLE STATEMENT
Title Practical statistics for non-mathematical people /
Statement of responsibility, etc. Russell Langley
260 ## - PUBLICATION, DISTRIBUTION, ETC. (IMPRINT)
Place of publication, distribution, etc. London :
Name of publisher, distributor, etc. Pan Books,
Date of publication, distribution, etc. c1968
300 ## - PHYSICAL DESCRIPTION
Pagination 399 p. :
Illustrations ill. ;
Size 18 cm.
650 #0 - SUBJECT ADDED ENTRY--TOPICAL TERM
Topical term or geographic name as entry element Probabilities.
9 (RLIN) 155496
Topical term or geographic name as entry element Statistics.
9 (RLIN) 155497
942 ## - ADDED ENTRY ELEMENTS (KOHA)
Source of classification or shelving scheme Dewey Decimal Classification
Koha item type Books
Holdings
Lost status Source of classification or shelving scheme Damaged status Not for loan Collection code Permanent Location Current Location Shelving location Date acquired Source of acquisition Cost, normal purchase price Total Checkouts Full call number Date last seen Copy number Koha item type
  Dewey Decimal Classification     Non-fiction Central Library, University of Rajshahi Central Library, University of Rajshahi   02/10/1973 Aligarh Lib. 12.60   519.5 LAP 1968 05/09/2016 C-2 Books